• 首页
  • 本馆介绍
  • 公告通知
  • 最新文献
  • 馆藏检索
  • 电子资源
  • 读者导购
  • 参考咨询
  • 我的图书馆
  • 登录
  • 详细信息显示
  • 放入我的书架
  • 预约/预借图书
  • 作者相关作品
  • 分类相关作品
  • 丛书相关作品
  • 出版社相关作品

书目信息

  • 表格格式
  • 工作单格式
  • 卡片格式
题名:
楼塔细十番
    
 
作者: 夏雪勤 编著 ;王新江 , 陈月才 摄影
分册:  
出版信息: 杭州   浙江摄影出版社  2014
页数: 177页, [1] 叶图版
开本: 23cm
丛书名: 浙江省非物质文化遗产代表作丛书
单 册:
中图分类: J648.755 , J648
科图分类:
主题词: 民间音乐--乐曲--浙江省
电子资源:
ISBN: 978-7-5514-0746-5
000 01437nam 2200313 450
001 2366583746
005 20231206183025.13
010    @a978-7-5514-0746-5@dCNY32.00
100    @a20150205d2014 em y0chiy50 ea
101 0  @achi
102    @aCN@b330000
105    @aafg a 000yy
200 1  @a楼塔细十番@Alou ta xi shi fan@f夏雪勤编著
210    @a杭州@c浙江摄影出版社@d2014
215    @a177页, [1] 叶图版@c彩图, 乐谱@d23cm
225 2  @a浙江省非物质文化遗产代表作丛书@Azhe jiang sheng fei wu zhi wen hua yi chan dai biao zuo cong shu@h第二批
300    @a第二批国家级非物质文化遗产浙江省项目
314    @a本书摄影: 夏雪勤, 王新江, 陈月才, 楼晓城, 俞梦方等
320    @a有书目 (第175页)
330    @a“十番”原为民间歌颂大禹功德的乐曲, 后成为宫廷音乐, 有粗十番、细十番之分。楼塔细十番曲目, 以工尺记谱法记录, 以口传身授方式传承, 代表曲牌有《望庄台》、《一条枪》、《八板》等, 曲调幽雅、悠扬悦耳。 楼塔细十番演奏有行姿和坐姿两种。“行姿”演奏人员仿古代士大夫的风度, 以书生的雅气, 随着音乐节奏, 踏着四方步徐缓行进。“坐姿”演奏人员操着胡琴、琵琶、笙、箫、鼓等乐器, 于舞台等固定场所, 进行演奏。
410  0 @12001 @a浙江省非物质文化遗产代表作丛书@h第二批
606 0  @a民间音乐@x乐曲@y浙江省
690    @aJ648.755@v5
690    @aJ648@v4
701  0 @a夏雪勤@Axia xue qin@4编著
702  0 @a王新江@Awang xin jiang@4摄影
702  0 @a陈月才@Achen yue cai@4摄影
801  0 @aCN@b湖北三新@c20150205
905    @aBZT@dJ648@e2
    
    楼塔细十番/夏雪勤编著.-杭州:浙江摄影出版社,2014
    177页, [1] 叶图版:彩图, 乐谱;23cm.-(浙江省非物质文化遗产代表作丛书.第二批)
    第二批国家级非物质文化遗产浙江省项目
    
    ISBN 978-7-5514-0746-5:CNY32.00
    “十番”原为民间歌颂大禹功德的乐曲, 后成为宫廷音乐, 有粗十番、细十番之分。楼塔细十番曲目, 以工尺记谱法记录, 以口传身授方式传承, 代表曲牌有《望庄台》、《一条枪》、《八板》等, 曲调幽雅、悠扬悦耳。 楼塔细十番演奏有行姿和坐姿两种。“行姿”演奏人员仿古代士大夫的风度, 以书生的雅气, 随着音乐节奏, 踏着四方步徐缓行进。“坐姿”演奏人员操着胡琴、琵琶、笙、箫、鼓等乐器, 于舞台等固定场所, 进行演奏。
●
相关链接 在五车中查询图书 在当当中查询图书 在豆瓣中查询图书


正题名:楼塔细十番     索取号:J648/2         预约/预借

序号 登录号 条形码 馆藏地/架位号 状态 备注
1 2001401409   2001401409   三新/湖北三新(第三批)/1588/ [索取号:J648/2] 在馆    
2 2001401410   2001401410   三新/湖北三新(第三批)/1588/ [索取号:J648/2] 在馆    
3 2001401411   2001401411   三新/湖北三新(第三批)/1588/ [索取号:J648/2] 在馆    
4 2001401412   2001401412   三新/湖北三新(第三批)/1588/ [索取号:J648/2] 在馆    
5 2001401413   2001401413   三新/湖北三新(第三批)/1588/ [索取号:J648/2] 在馆    
6 2001401414   2001401414   三新/湖北三新(第三批)/1588/ [索取号:J648/2] 在馆    
7 2001401415   2001401415   三新/湖北三新(第三批)/1588/ [索取号:J648/2] 在馆    
8 2001401416   2001401416   三新/湖北三新(第三批)/1588/ [索取号:J648/2] 在馆    
9 2001401417   2001401417   三新/湖北三新(第三批)/1588/ [索取号:J648/2] 在馆    
10 2001401418   2001401418   三新/湖北三新(第三批)/1588/ [索取号:J648/2] 在馆    
11 2001401419   2001401419   三新/湖北三新(第三批)/1588/ [索取号:J648/2] 在馆    
12 2001401420   2001401420   三新/湖北三新(第三批)/1588/ [索取号:J648/2] 在馆    
13 2001401421   2001401421   三新/湖北三新(第三批)/1588/ [索取号:J648/2] 在馆    
14 2001401422   2001401422   三新/湖北三新(第三批)/1588/ [索取号:J648/2] 在馆    
15 2001401423   2001401423   三新/湖北三新(第三批)/1588/ [索取号:J648/2] 在馆    
16 2001401424   2001401424   三新/湖北三新(第三批)/1588/ [索取号:J648/2] 在馆    
17 2001401425   2001401425   三新/湖北三新(第三批)/1588/ [索取号:J648/2] 在馆    
18 2001401426   2001401426   三新/湖北三新(第三批)/1588/ [索取号:J648/2] 在馆    
19 2001401427   2001401427   三新/湖北三新(第三批)/1588/ [索取号:J648/2] 在馆    
20 2001401428   2001401428   三新/湖北三新(第三批)/1588/ [索取号:J648/2] 在馆    
21 2001401429   2001401429   三新/湖北三新(第三批)/1588/ [索取号:J648/2] 在馆    
22 2001401430   2001401430   三新/湖北三新(第三批)/1588/ [索取号:J648/2] 在馆    
23 2001401431   2001401431   三新/湖北三新(第三批)/1588/ [索取号:J648/2] 在馆    
24 2001401432   2001401432   三新/湖北三新(第三批)/1588/ [索取号:J648/2] 在馆    
25 2001401433   2001401433   三新/湖北三新(第三批)/1588/ [索取号:J648/2] 在馆    
26 2001401434   2001401434   三新/湖北三新(第三批)/1588/ [索取号:J648/2] 在馆    
27 2001401435   2001401435   三新/湖北三新(第三批)/1588/ [索取号:J648/2] 在馆    
28 2001401436   2001401436   三新/湖北三新(第三批)/1588/ [索取号:J648/2] 在馆    
29 2001401437   2001401437   三新/湖北三新(第三批)/1588/ [索取号:J648/2] 在馆    
30 2001401438   2001401438   三新/湖北三新(第三批)/1588/ [索取号:J648/2] 在馆    
山东省滨州职业学院图书馆 欢迎您!
大连网信软件有限公司© 版权所有